Movies Quiz

Random Movies or Actress Quiz

AFI Screen Legends - First Names Quiz Stats

 Plays Quiz Updated Mar 27, 2020

     
Support Sporcle.
Go Orange.
Score 0/50 Timer 06:00
7 Plays Today
# First Name % Correct
10Charlie
97.4%
4Marlon
97.1%
1Humphrey
96.4%
5Fred
96.3%
7Clark
95.2%
13John
91.7%
8Judy
90.6%
6Marilyn
90.3%
12Gregory
90.2%
18James
89.4%
3Audrey
88.1%
3James
88%
6Henry
87.2%
16Orson
86.8%
2Cary
86.5%
22Sidney
85.5%
1Katharine
84.1%
7Elizabeth
81.8%
5Greta
81.5%
20Groucho, Harpo, Chico
81.3%
19Burt
79.8%
8James
79.5%
14Laurence
78.4%
2Bette
78%
4Ingrid
77.6%
# First Name % Correct
17Kirk
77.5%
19Rita
76%
15Gene
75.5%
18Shirley
75.5%
20Lauren
75%
23Robert
72.3%
9Spencer
71.8%
10Joan
70.9%
21Buster
70.8%
11Gary
69.5%
21Sophia
69.2%
14Ginger
65.2%
11Barbara
64.9%
13Grace
64.8%
15Mae
64.4%
9Marlene
61.4%
16Vivien
57.7%
22Jean
54.5%
25William
54.2%
25Ava
54.2%
24Mary
44.1%
23Carole
41%
12Claudette
38.6%
17Lillian
37.3%
24Edward G.
27%

From the Vault

Artists Who Hit #1 (2000s)

by VikingDevil53

Music 10m
Just think in a couple of decades these songs will be considered classic rock.
Remove Ads.
Support Sporcle.
Get the best of Sporcle when you Go Orange. This ad-free experience offers more features, more stats, and more fun while also helping to support Sporcle. Thank you for becoming a member.

Show Comments

Extras

Top Quizzes Today


Score Distribution

Your Account Isn't Verified!

In order to create a playlist on Sporcle, you need to verify the email address you used during registration. Go to your Sporcle Settings to finish the process.

Report this User

Report this user for behavior that violates our Community Guidelines.

Details: